Southville International School and Colleges
Your cart is empty.
  • Cart
  • Lists
    Public lists Eva Luna New books Lux_list list_1
    Your lists Log in to create your own lists
  • Log in to your account
  • Your cookies
  • Search history
Southville International School and Colleges
  • Advanced search
  • Recent comments
  • Most popular
  • Libraries

Log in to your account

Log in with GOOGLE


If you do not have an external account, but do have a local account, you can still log in:

  1. Home
  2. MARC view: The Bionic woman :
Normal view MARC view ISBD view

The Bionic woman : (Record no. 19977)

[ view plain ]
MARC details
000 -LEADER
fixed length control field 00475nam a2200169 a 4500
005 - DATE AND TIME OF LATEST TRANSACTION
control field 20140310183205.0
008 - FIXED-LENGTH DATA ELEMENTS--GENERAL INFORMATION
fixed length control field 030204s19uu xx 00 eng d
020 ## - INTERNATIONAL STANDARD BOOK NUMBER
International Standard Book Number 425032302
050 ## - LIBRARY OF CONGRESS CALL NUMBER
Classification number PZ 7
Item number .L884 1976
100 ## - MAIN ENTRY--PERSONAL NAME
Personal name Lottman, Eileen
245 ## - TITLE STATEMENT
Title The Bionic woman :
Remainder of title welcome home, Jaime /
Statement of responsibility, etc Eileen Lottman.
260 ## - PUBLICATION, DISTRIBUTION, ETC. (IMPRINT)
Place of publication, distribution, etc New York ;
Name of publisher, distributor, etc Berkley Publishing Corporotion,
Date of publication, distribution, etc 1976.
300 ## - PHYSICAL DESCRIPTION
Extent 151 p. :
Dimensions 17 cm.
650 ## - SUBJECT ADDED ENTRY--TOPICAL TERM
Topical term or geographic name as entry element Fiction
942 ## - ADDED ENTRY ELEMENTS (KOHA)
Koha item type Books
Source of classification or shelving scheme Library of Congress Classification
Holdings
Withdrawn status Lost status Source of classification or shelving scheme Damaged status Home library Current library Shelving location Date acquired Total Checkouts Full call number Barcode Date last seen Copy number Price effective from Koha item type
    Library of Congress Classification   College Library College Library Fiction Section 11/15/2013   PZ 7 .L884 1976 C1786 05/08/2018 1 10/10/2013 Books

The Bionic woman :

APA

Lottman E., . (1976). The Bionic woman. New York: Berkley Publishing Corporotion.

Chicago

Lottman Eileen, . 1976. The Bionic woman. New York: Berkley Publishing Corporotion.

Harvard

Lottman E., . (1976). The Bionic woman. New York: Berkley Publishing Corporotion.

MLA

Lottman Eileen, . The Bionic woman. New York: Berkley Publishing Corporotion. 1976.

  • Place hold
  • Print
  • Cite
  • Add to your cart (remove)
  • Save record
    BIBTEX Dublin Core MARCXML MARC (non-Unicode/MARC-8) MARC (Unicode/UTF-8) MARC (Unicode/UTF-8, Standard) MODS (XML) RIS
  • More searches
    Search for this title in:
    Other Libraries (WorldCat) Other Databases (Google Scholar) Online Stores (Bookfinder.com) Open Library (openlibrary.org)

Exporting to Dublin Core...

SOUTHVILLE LIBRARY

Southville International School and Colleges Library

1281 Tropical Ave. Cor. Luxembourg St., BF Homes International, Las Pinas City

Tel. No. 8256374 / 252358 Loc. 117/146

Powered by Koha